International Business in China (Record no. 753)
[ view plain ]
| 000 -LEADER | |
|---|---|
| fixed length control field | 02260cam a22002174a 4500 |
| 005 - ΗΜΕΡΟΜΗΝΙΑ ΚΑΙ ΩΡΑ ΤΕΛΕΥΤΑΙΑΣ ΕΝΗΜΕΡΩΣΗΣ | |
| Πεδίο ελέγχου | 20250605163944.0 |
| 008 - FIXED-LENGTH DATA ELEMENTS--GENERAL INFORMATION | |
| Πεδίο ελέγχου σταθερού μήκους | 250528s ||||||||||||||||||||||||d |
| 035 ## - SYSTEM CONTROL NUMBER | |
| System control number | 15159 |
| 020 ## - ISBN | |
| ISBN | 415053455 |
| 040 ## - ΠΗΓΗ ΚΑΤΑΛΟΓΟΓΡΑΦΗΣΗΣ | |
| Φορέας πρωτότυπης καταλογογράφησης | MC Athens Campus Library |
| Γλώσσα καταλογογράφησης | Ελληνικά, Μοντέρνα (1453-) |
| Modifying agency | MC Athens Campus Library |
| Κανόνες περιγραφικής καταλογογράφησης | AACR2 |
| 245 1# - ΤΙΤΛΟΣ ΚΑΙ ΔΗΛΩΣΗ ΥΠΕΥΘΥΝΟΤΗΤΑΣ | |
| Τίτλος | International Business in China |
| 260 ## - PUBLICATION, DISTRIBUTION, ETC. | |
| Name of publisher, distributor, etc. | Rouledge, |
| Date of publication, distribution, etc. | 1993 |
| 300 ## - PHYSICAL DESCRIPTION | |
| Extent | 266 |
| 505 0# - FORMATTED CONTENTS NOTE | |
| Formatted contents note | Toward the Year 2000: Some Strategic Speculations about International Business in China, Variations in the Economic Development of China's Provinces: An Exploratory Look, Chinese Enterprise Management Reforms in the Post-Tiananmen Era: The view from Liaoning Province, The Role of the Legal Envoronment in Doing business in the People's Republic of China, Economic Reform and Foreign Direct Investment in China Before and After the Tiananmen Square Tragedy, Managing Countertrade in the PRC, Foreign Direct Investment in China, Managing International Joint Ventures in China, The Cultural Context of Negotiations: Ther implications of Chinese Interpersonal Norms, American Business People's Perceptions of Marketing and Negotiating in the People's Republic of China, International Business in China, The Preparation of Managers for Overseas Assignments: The Case of China, Index. |
| 520 ## - SUMMARY, ETC. | |
| Summary, etc. | Toward the Year 2000: Some Strategic Speculations about International Business in China, Variations in the Economic Development of China's Provinces: An Exploratory Look, Chinese Enterprise Management Reforms in the Post-Tiananmen Era: The view from Liaoning Province, The Role of the Legal Envoronment in Doing business in the People's Republic of China, Economic Reform and Foreign Direct Investment in China Before and After the Tiananmen Square Tragedy, Managing Countertrade in the PRC, Foreign Direct Investment in China, Managing International Joint Ventures in China, The Cultural Context of Negotiations: Ther implications of Chinese Interpersonal Norms, American Business People's Perceptions of Marketing and Negotiating in the People's Republic of China, International Business in China, The Preparation of Managers for Overseas Assignments: The Case of China, Index. |
| 700 1# - ΠΡΟΣΘΕΤΗ ΑΝΑΓΡΑΦΗ--ΦΥΣΙΚΟ ΠΡΟΣΩΠΟ | |
| Personal name | Kelley Lane |
| 9 (RLIN) | 1019 |
| 700 1# - ΠΡΟΣΘΕΤΗ ΑΝΑΓΡΑΦΗ--ΦΥΣΙΚΟ ΠΡΟΣΩΠΟ | |
| Personal name | Shenkar Oded |
| 9 (RLIN) | 1020 |
| 942 ## - ADDED ENTRY ELEMENTS (KOHA) | |
| Koha item type | Books |
| Τύπος τεκμηρίου | Βιβλιοθήκη | Τρέχουσα τοποθεσία | Barcode | Αριθμός εισαγωγής | Ημερομηνία απόκτησης | Ταξιθετικό σύμβολο | Αριθμός αντιτύπου | Κατάσταση απόσυρσης | Κατάσταση χαμένου | Κατάσταση κατεστραμμένου | Μη δανεισμός | Σύνολο δανεισμών | Ημερομηνία τελευταίας εμφάνισης | Η τιμή ισχύει από |
|---|---|---|---|---|---|---|---|---|---|---|---|---|---|---|
| Books | MC Athens Campus Library | MC Athens Campus Library | 9780000007520 | 1391 | 05/06/2025 | 658.0490951 KEL | 1 | 05/06/2025 | 05/06/2025 |